000 00515cam a2200181ua 4500
001 2859
008 110913n ii |||gr||||Z||||||asm
040 _cMAIN
082 _a920
100 1 _aZaman, Rafiquz,
245 1 1 _aNobel bota bijayi keigarakiman byakti aru eti sanstha
_ced. by Rafiquz Zaman
250 _a1st.
260 _aGuahati:
_bPublication board assam,
_c2005.
300 _a74p:
_bill;
_c23cm.
653 _aBiography
653 _aNobel bota bijayi keigarakiman byakti aru eti sanstha
942 _cBK
999 _c2708
_d2708